| 000 | 00489nam a2200169 i 4500 | ||
|---|---|---|---|
| 001 | 100318 | ||
| 003 | ES-MaACL | ||
| 005 | 20230906182642.0 | ||
| 007 | t| | ||
| 008 | 050926s1970 sp ||||1| spa d | ||
| 100 | 1 |
_aMartino, Paolo. _978503 |
|
| 245 | 1 | 3 |
_aLa natación en 15 lecciones / _cPaolo Martino. |
| 260 |
_aBarcelona : _bDe Vecchi, _c1970. |
||
| 300 |
_a201 p. con 10 lám. : _bil. ; _c24 cm. |
||
| 852 |
_aES-MaACL _jC-48913 _bR.83986 |
||
| 852 |
_aES-MaACL _jC-44041 _bR.76198 |
||
| 999 |
_c100318 _d100318 |
||